| 000 | 00938nam a2200241 a 4500 | ||
|---|---|---|---|
| 003 | Co-PeBPM | ||
| 005 | 20260413104605.0 | ||
| 008 | 231129s2013||||xx |||||||||||||| ||spa|| | ||
| 020 | _a978-958-57608-6-8 | ||
| 040 |
_aCo-PeBPM _bspa _cCo-PeBPM _erda |
||
| 041 | _aspa | ||
| 082 | 0 | 4 |
_a303.609861 C397u _222 |
| 110 | 1 | _aCentro Nacional de Memoria Histórica | |
| 245 | 1 | 0 |
_aUna sociedad secuestrada _c/ Centro Nacional de Memoria Histórica |
| 264 |
_aBogotá Colombia _b: Centro Nacional de Memoria Histórica _c, 2013 |
||
| 300 |
_a234 Páginas _c; 23 cm. |
||
| 490 | _a Informe del Centro Nacional de Memoria Histórica | ||
| 500 | _aIncluye Bibliografía, referencias bibliográficas. | ||
| 650 | 1 | 7 |
_aConflicto armado -- Colombia -- Informes _2LEMB |
| 650 | 1 | 7 |
_aSecuestro -- Colombia -- Informes _2LEMB |
| 650 | 1 | 7 |
_aVíctimas de la violencia -- Colombia -- Informes _2LEMB |
| 942 |
_2ddc _cBK |
||
| 999 |
_c26014 _d26014 |
||